ბათუმის შოთა რუსთაველის სახელმწიფო უნივერსიტეტის ბიბლიოთეკა

ურთიერთშეცვლადობის ტექნიკური გაზომვებისა და სტანდარტიზაციის საფუძვლები.ნ.1. (ბიბ.ჩანაწერი № 35392)

000 -LEADER
fixed length control field 00954nam a2200217Ia 4500
001 - CONTROL NUMBER
control field 1245
003 - CONTROL NUMBER IDENTIFIER
control field GE_BSU
008 - FIXED-LENGTH DATA ELEMENTS--GENERAL INFORMATION
fixed length control field 181216s||||||||xx |||||||||||||| ||und||
040 ## - CATALOGING SOURCE
Transcribing agency GE_BSU
080 ## - UNIVERSAL DECIMAL CLASSIFICATION NUMBER
Universal Decimal Classification number 631.1
100 ## - MAIN ENTRY--PERSONAL NAME
Personal name კეჩხუაშვილი ა.
245 ## - TITLE STATEMENT
Title ურთიერთშეცვლადობის ტექნიკური გაზომვებისა და სტანდარტიზაციის საფუძვლები.ნ.1.
245 ## - TITLE STATEMENT
Statement of responsibility, etc. რედ: კაციტაძე ჯ.
260 ## - PUBLICATION, DISTRIBUTION, ETC.
Place of publication, distribution, etc. თბილისი.
260 ## - PUBLICATION, DISTRIBUTION, ETC.
Date of publication, distribution, etc. 1998.
300 ## - PHYSICAL DESCRIPTION
Extent 105 გვ. 19 სმ.
653 ## - INDEX TERM--UNCONTROLLED
Uncontrolled term ურთიერთშეცვლადობა.
653 ## - INDEX TERM--UNCONTROLLED
Uncontrolled term ურთიერთშეცვლადობის ტექნიკური გაზომვებისა და სტანდარტიზაციის საფუძვლები.
942 ## - ADDED ENTRY ELEMENTS (KOHA)
Koha item type წიგნი
ეგზემპლარები
Withdrawn status Lost status Damaged status Not for loan Date acquired Barcode Date last seen Price effective from Koha item type
        2018-12-17 2854 2018-12-17 2018-12-17 წიგნი